000 02913cgm a22006494i 4500
001 sky306345012
003 SKY
005 20251209123037.0
007 vd cvaizq
008 220510s2022 cau430 g vleng d
010 _abe2022014830
020 _a9786318782760
020 _a6318782761
024 1 _a191329220191
024 7 _a00191329220191
_2gtin-14
028 4 2 _a1000813438
_bSDS
040 _aNjBwBT
_beng
_erda
_cNjBwBT
_dSKYRV
_dCoBoFLC
041 0 _aeng
_heng
043 _an-us-ca
046 _k2021
_l2021
050 1 4 _aPN1992.77
_b.L33 2022 v.1
082 0 4 _a791.45/72
_223/eng/20220510
092 _advd
245 1 0 _aLa Brea. Season one
246 3 _aLa Brea.
_nSeason 1.
264 1 _aUniversal City, CA :
_bSDS, created by David Appelbaum ; produced by Naomi Cleaver, Livia Hanich, Asher Landay, Zakiyyah Alexander ; written by David Appelbaum, Jose Molina, Zakiyyah Alexander, Arika Lisanne Mittman, Steven Lilien [and others] ; directed by Thor Freudenthal, Cherie Nowlan, Adam Davidson, Greg McLean.
_c[2022]
300 _a2 videodiscs (approximately 7 hr., 10 min.) :
_bsound, color ;
_c4 3/4 in.
336 _atwo-dimensional moving image
337 _avideo
338 _avideodisc
500 _aDolby digital 5.1, anamorphic wide screen 1.78:1.
500 _aFeatures: Inside NBC's La Brea.
505 0 _aPilot -- Day two -- The hunt -- The new arrival -- The fort -- The way home -- The storm -- Origins -- Father and son -- Topanga.
511 1 _aNatalie Zea, Eoin Macken, Chiké Okonkwo, Karina Logue, Zyra Gorecki.
518 _aOriginally broadcast on television in 2021.
520 _aAfter a massive sinkhole opens in Los Angeles at the site of the La Brea Tar Pits, the people who are pulled into it find themselves in a primeval land and must band together to survive, while a family that was separated tries to find a way to reunite.
521 8 _aTV rating: Not rated.
540 _aFor private home use only.
546 _aClosed-captioned.
650 0 _aSinkholes
_zCalifornia
_zLos Angeles
_vDrama.
_96450652
650 0 _aSurvival
_vDrama.
_95703629
650 0 _aFamilies
_vDrama.
_95675607
651 0 _aLa Brea Pits (Calif.)
_vDrama.
_96450653
655 0 _aDVD-Video discs.
655 7 _aScience fiction television programs.
_2lcgft.
655 7 _aTelevision series.
_2lcgft.
655 7 _aFiction television programs.
_2lcgft.
_95673656
655 7 _aVideo recordings for the hearing impaired.
_2lcgft.
700 1 _aFreudenthal, Thor,
_edirector.
_95851083
700 1 _aNowlan, Cherie,
_edirector.
_96450654
700 1 _aZea, Natalie,
_d1975-
_eactor.
_96233634
700 1 _aMacken, Eoin C.,
_eactor.
_96425150
700 1 _aOkonkwo, Chiké,
_d1982-
_eactor.
_96450655
730 0 _aLa Brea (Television program).
_nSeason 1.
_96450656
907 _a.b464504569
942 _2ddc
_cDVD NEW
999 _c374953
_d374953